Cómo resolver problemas creativamente / (Registro nro. 6472)
[ vista simple ]
| 000 -CABECERA | |
|---|---|
| campo de control de longitud fija | 01621nam a22002777a 4500 |
| 008 - CÓDIGOS DE INFORMACIÓN DE LONGITUD FIJA | |
| fixed length control field | 200210s1992 mx |||||r|||| 001 0 spa d |
| 020 ## - NÚMERO INTERNACIONAL NORMALIZADO PARA LIBROS | |
| ISBN | 9681900944 |
| 040 ## - Fuente de catalogación | |
| Agencia original de catalogación | CO-JMCR |
| Agencia de transcripción | CO-JMCR |
| 082 ## - NÚMERO DE LA CLASIFICACIÓN DECIMAL DEWEY | |
| Número de clasificación Decimal | 658.4 / |
| 100 1# - PUNTO DE ACCESO PRINCIPAL-NOMBRE DE PERSONA | |
| Nombre personal | Weiss, Donald H., |
| Término de función/relación | autor |
| 9 (RLIN) | 352 |
| 245 1# - TÍTULO PROPIAMENTE DICHO | |
| Título | Cómo resolver problemas creativamente / |
| Mención de responsabilidad, etc. | Donald H. Weiss ; traducción Juan Félix Aróstegui |
| 250 ## - DECLARACIÓN DE EDICIÓN | |
| Declaración de edición | Primera edición |
| 260 ## - PUBLICACIÓN, DISTRIBUCIÓN, ETC. (PIE DE IMPRENTA) | |
| Lugar de publicación, distribución, etc. | México : |
| Nombre del editor, distribuidor, etc. | Aguilar ; |
| Fecha de publicación, distribución, etc. | c1992 |
| 300 ## - DESCRIPCIÓN FÍSICA | |
| Extensión | 79 páginas ; |
| Dimensiones | 19 cm. |
| 500 ## - NOTA GENERAL | |
| Nota general | Datos biográficos del autor pagina 79. |
| 500 ## - NOTA GENERAL | |
| Nota general | Título original en inglés : Problem Solving. |
| 505 ## - NOTA DE CONTENIDO FORMATADO | |
| Nota de contenido formateada | El caso de los huevos rotos: por qué necesita usted solucionar los problemas creativamente -- Huevos rotos en Viejas Medina: modelos de roles -- La grieta en el huevo: Los síntomas versus las cusas de los problemas -- Cómo localizar la causa de un problema -- ¿A qué tipo de problema de enfrenta? -- Cómo abordar los problemas analíticos y los problemas difusos -- Métodos que funcionan para solucionar problemas -- |
| 520 ## - RESUMEN, ETC. | |
| Resumen,etc. | A los ejecutivos de hoy en día se les pide que sepan enfrentar no sólo los problemas personales de sus empleados de organización de sus empresas. La Dirección espera que usted resuelva estos problemas creativamente le ayuda a encarar soluciones que realmente funcione. |
| 546 ## - LANGUAGE NOTE | |
| Language note | Traducido del inglés. |
| 650 14 - TÉRMINO DE MATERIA | |
| 9 (RLIN) | 353 |
| 650 14 - TÉRMINO DE MATERIA | |
| 9 (RLIN) | 354 |
| 650 14 - TÉRMINO DE MATERIA | |
| 9 (RLIN) | 355 |
| 700 1# - AUTOR SECUNDARIO - PERSONA | |
| Nombre de persona | Aróstegui, Juan Félix, |
| 9 (RLIN) | 356 |
| Withdrawn status | Lost status | Source of classification or shelving scheme | Damaged status | Not for loan | Home library | Current library | Date acquired | Total Checkouts | Full call number | Barcode | Date last seen | Copy number | Price effective from | Koha item type |
|---|---|---|---|---|---|---|---|---|---|---|---|---|---|---|
| Dewey Decimal Classification | Biblioteca Pública José María del Castillo y Rada | Biblioteca Pública José María del Castillo y Rada | 02/10/2020 | 658.4 / W429c | 201809730 | 05/16/2024 | Ej.1 | 02/10/2020 | Books |